Mustikkapiirakan ohjeet - Statistics

Yleistilastot
  • Tätä visaa on pelattu 72 kertaa
  • Keskiarvotulos 10 / 12
Vastaustilastot
Vastaus % Oikein
kanamuna
96%
sokeri
95%
30
84%
taikina
84%
200
82%
mustikat
82%
kermaviili,
81%
Sekoita
75%
Kaada
72%
leivinjauhe
70%
vanilijajäätelön
65%
vehnäjauhojen
63%
Ehtoja vastaavia visoja ei löytynyt
Tulosjakauma
Jokaisen tuloksen saaneiden osuus
Persentiili vastausten määrän mukaan
Tuloshistoriasi
Et ole pelannut tätä visaa